Mistrzynie Polski w piłce ręcznej kobiet - Statystyki

Ogólne statystyki
  • Ten quiz został rozwiązany 22 razy
    15 od ostatniego zresetowania
  • Średni wynik to 2 z 23
Statystyki odpowiedzi
Liczba tytułów Klub % Poprawnych
4 Zagłębie Lubin
90%
22 Perła Lublin
30%
9 Ruch Chorzów
30%
3 Sośnica Gliwice
20%
5 AKS Chorzów
10%
1 Piotrcovia Piotrków Trybunalski
10%
3 Pogoń Szczecin
10%
2 Start Elbląg
10%
1 AZS AWFiS Gdańsk
0%
1 AZS Katowice
0%
1 AZS Warszawa
0%
7 AZS Wrocław
0%
7 Cracovia
0%
1 HKS Znicz Łódź
0%
1 IKP Łódź
0%
3 ŁKS Łódź
0%
2 Otmęt Krapkowice
0%
1 SKS Warszawa
0%
1 Spójnia Warszawa
0%
2 Stal Chorzów
0%
3 Unia Łódź
0%
2 Vistal Gdynia
0%
2 Zryw Łódź
0%
Nie znaleziono quizów pasujących do podanych kryteriów
Rozkład punktacji
Procent ludzi z każdym wynikiem
Percentyl według liczby udzielonych odpowiedzi
Twoja historia wyników
Nie rozwiązałeś tego quizu od ostatniego zresetowania